000 00761cam a22002413a 4500
001 14709
003 PGUSA
005 20140828083320.0
008 050117s2005||||xxu|||||s|||||000 | eng d
040 _aPGUSA
_beng
042 _adc
050 4 _aAP
245 1 0 _aLippincott's Magazine of Popular Literature and Science, Volume 15, No. 86, February, 1875
_h[electronic resource] /
_cVarious
260 _bProject Gutenberg,
_c2005
506 _aPublic domain in the USA.
516 _aElectronic text
653 _aScience -- Periodicals
653 _aLiterature, Modern -- 19th century -- Periodicals
700 1 _aKirk, John Foster,
_d1824-1904
830 0 _aProject Gutenberg
_v14709
856 4 0 _uhttp://www.gutenberg.org/ebooks/14709
942 _cEB
999 _c243964
_d243964